000 01472nam a2200361Ia 4500
001 9780203066928
003 BD-DhSAU
005 20151012151720.0
006 a|||||s|||||||||||
007 cr||||
008 130118s2013 enka sb 000 0 eng d
020 _a9780203066928 (e-book : PDF)
040 _aBD-DhSAU
_cBD-DhSAU
090 _aHN18.3
_b.E54 2013
092 _a306.09
_bE571
245 0 0 _aEngaging with the world
_h[electronic resource] :
_bagencies, institutions, historical formations /
_cedited by Margaret S. Archer and Andrea M. Maccarini.
260 _aLondon ;
_aNew York :
_bRoutledge,
_c2013.
300 _ax, 224 p. :
_bill.
490 1 _aOntological explorations
504 _aIncludes bibliographical references.
505 0 _apt. 1. Social ontology and a new historical formation -- pt. 2. Being human and the adventure of agency in the twenty-first century : towards a sociology of engagement -- pt. 3. The constitutionalization of the new world : realism and global order.
530 _aAlso available in print edition.
538 _aMode of access: World Wide Web.
650 0 _aSocial history.
650 0 _aCritical realism.
650 0 _aGlobalization.
655 7 _aElectronic books.
_2lcsh
700 1 _aArcher, Margaret Scotford.
700 1 _aMaccarini, Andrea.
776 1 _z9780415687102 (hardback)
830 0 _aOntological explorations.
856 4 0 _uhttp://www.tandfebooks.com/isbn/9780203066928
999 _c12621
_d12620